000 00853nam a22002657a 4500
001 BR7705824
003 BR-BrBNA
005 20230928085508.0
007 ta
008 230509b bl.||||| |||| 00| 0 por d
040 _aBR-BrBNA
_bpor
_cBiblioteca Nacional de Agricultura
041 _a(Por)
072 _aE40
_b9410
_b/G514
090 _ 9410 BR7705824
110 1 _aConfederacao Brasileira de Cooperativas de Laticinios, Brasilia, DF (Brasil)
_92515
111 1 _a1. Encontro de Cooperativas Centrais de Leite
_cGuaratingueta, SP (Brazil)
_d29 Nov - 2 Dec 1977
245 1 _aRelatorio final do 1. Encontro de Cooperativas Centrais de Leite [Brasil]
260 3 _aBrasilia, DF (Brasil):
_c1977.
300 _a39 p.
650 _aCOOPERATIVA
650 _aLEITE
650 _aLATICINIO
909 _a202309
_bLucia
_c55
_dLucia Elande
942 _cBK
999 _c24745
_d24745